Statistics for Country Anagrams

Click here to take the quiz!

General Stats

  • This quiz has been taken 41 times
  • The average score is 12 of 16

Answer Stats

AnagramCountry% Correct
PurePeru
100%
ChainChina
97%
MoanOman
97%
RainIran
95%
ReignNiger
92%
PlaneNepal
87%
PainsSpain
87%
AnalogAngola
82%
EnemyYemen
79%
TangoTonga
77%
RabiesSerbia
72%
SerialIsrael
69%
RegaliaAlgeria
59%
EstimatorEast Timor
44%
AneurismSuriname
33%
RomaniansSan Marino
15%

Score Distribution

Percentile by Number Answered

Percent of People with Each Score

Your Score History

You have not taken this quiz